10 opéras les plus joués - Statistiques

Statistiques générales
  • Ce quiz a été pris 69 fois
  • Le résultat moyen est 6 sur 10
Statistiques - réponses
Compositeur Réponse % Correct
Georges Bizet Carmen
98%
Wolfgang Amadeus Mozart La flute enchantée
88%
Giuseppe Verdi La Traviata
73%
Giacomo Puccini Madame Butterfly
70%
Gioachino Rossini Le barbier de Seville
57%
Wolfgang Amadeus Mozart Don Giovanni
47%
Giacomo Puccini La Bohème
43%
Giacomo Puccini Tosca
42%
Giuseppe Verdi Rigoletto
33%
Wolfgang Amadeus Mozart Le marriage de Figaro
18%
Aucun quiz correspondant
Distribution des résultats
% des personnes avec chaque résultat
Percentile par nombre de réponses
Votre historique - résultats
Vous n’avez pas pris ce quiz